000 01251nam a2200325 a 4500
001 ebr10413312
003 CaPaEBR
006 m u
007 cr cn|||||||||
008 101013s2002 ua a s 000 0 eng d
020 _z9789774246296
020 _z9781936190843 (e-book)
040 _aCaPaEBR
_cCaPaEBR
035 _a(OCoLC)680623904
041 0 _aeng
_aara
043 _af-ua---
050 1 4 _aDT77
_b.E39 2002.eb
245 0 0 _aEgyptian encounters
_h[electronic resource] /
_cedited by Jason Thompson.
260 _aCairo :
_bAmerican University in Cairo Press,
_c2002.
300 _a171 p. :
_bill.
490 1 _aCairo papers in social science ;
_vv. 23, no. 4, fall 2000
533 _aElectronic reproduction.
_bPalo Alto, Calif. :
_cebrary,
_d2011.
_nAvailable via World Wide Web.
_nAccess may be limited to ebrary affiliated libraries.
546 _aIn English with Arabic at end.
651 0 _aEgypt
_xHistory.
655 7 _aElectronic books.
_2local
700 1 _aThompson, Jason.
710 2 _aebrary, Inc.
830 0 _aCairo papers in social science ;
_vv. 23, no. 4, fall 2000.
856 4 0 _uhttp://site.ebrary.com/lib/rucke/Doc?id=10413312
_zAn electronic book accessible through the World Wide Web; click to view
999 _c189876
_d189876